000 00386nam a2200145 a 4500
005 20140414131934.0
008 110112s19uu xx 00 eng d
050 _aREF 599
_bW57 2004
245 _aWhich animal plays the trumpet :
_bMammals.
260 _aNashville, Tennessee :
_bMiles Kelly,
_c2004.
440 _aAsk me why
650 _aMammals
_x
650 _a
999 _c112382
_d112382